L'année 2011 en sport - Statistiques

Statistiques générales
  • Ce quiz a été pris 141 fois
  • Le résultat moyen est 9 sur 15
Statistiques - réponses
Hint Réponse % Correct
Footballeur belge, futur joueur de Chelsea et du Real Madrid, champion de France avec le LOSC (Lille) Eden Hazard
98%
Nation remportant son quatrième titre de champion du monde de handball masculin France
91%
Equipe cycliste, aussi l'ancien nom de la capitale du Kazakhstan, meilleure équipe du tour d'Italie Astana
84%
Classement de la France à ces championnats du monde de natation 8
82%
Pays d'origine de Ronan O'Gara, meilleur réalisateur du tournoi des 6 nations Irlande
81%
Score de la finale de la coupe du monde de rubgy entre la France et la Nouvelle-Zélande (15 points au total) 7-8
69%
Ville chinoise, hôte des championnatsdu monde de natation Shanghai
64%
Club coaché par André Villas-Boas, remportant la ligue Europa de football FC Porto
58%
Athlète français réalisant le record du monde de triple saut en salle Teddy Tamgho
58%
Basketteur allemand, MVP des finales NBA avec les Dallas Mavericks Dirk Nowitzki
54%
Pays dans lequel le Larvik HK, vainqueur de la ligue des champions féminine de handball, évolue Norvège
52%
Basketteur français de Poitiers, futur joueur NBA, élu meilleur espoir de Pro A 2010-2011 Evan Fournier
49%
Cycliste belge remportant l'Amstel Gold Race, la flèche wallonne, Liège-Bastogne-Liège, la classique de Saint-Sébastien, et par conséquent le classement mondial de l'UCI World tour et le Vélo d'or Philippe Gilbert
49%
Capitaine du FC Barcelone, milieu de terrain formé à la Masia, vainqueur de la ligue des champions de football 2010-2011 Xavi Hernandez
39%
Golfeur espagnol, décédé cette année-là à l'âge de 54 ans Severiano Ballesteros
9%
Aucun quiz correspondant
Distribution des résultats
% des personnes avec chaque résultat
Percentile par nombre de réponses
Votre historique - résultats
Vous n’avez pas pris ce quiz